Responses for Show #1674 - Thursday, December 5, 1991

Contestants

[<< previous game]

Mary Jane Dreyer, a housewife from Ridgewood, New Jersey

Roger Rice, a University of Texas student originally from Waco, Texas

Dan Deacon, a senior marketing and business analyst from Wilkes-Barre, Pennsylvania (whose 1-day cash winnings total $8,001)

[next game >>]

Jeopardy! Round responses

ENDANGERED SPECIES
FOLK SINGERS
MONEY
THE IDES OF MARCH
CHILDREN'S BOOKS
4-LETTER WORDS
    $100 2
(Mary: What are tusks?)

the horn

RogerMary Jane
    $100 1
Peter, Paul & Mary

Roger
    $100 11
the peso

Mary Jane
    $100 17
Aristotle Onassis

Mary Jane
    $100 22
Old Yeller

Dan
    $100 12
base

Dan
    $200 3
bamboo

Dan
    $200 4
The Kingston Trio

Mary Jane
    $200 24
the Swiss franc

Dan
    $200 18
(Andrew) Jackson

Roger
    $200 23
Nancy Drew

Roger
    $200 13
lost

Mary Jane
    $300 8
fish

Roger
    $300 5
Judy Collins

Dan
    $300 27
gold

Roger
    $300 19
Julie Andrews

Mary Jane
    $300 25
Louisa May Alcott

Mary Jane
    $300 14
nape

Dan
    $400 9
Hawaii

Mary Jane
    $400 6
Glenn Yarbrough

Mary Jane
    $400 28
a pound

Dan
    $400 20
[Alex reads "B." as "Bernard".]

a blood bank

Mary Jane
    $400 26
L. Frank Baum

Roger
    $400 15
dais

Mary Jane
    $500 10
a leopard

Roger
    $500 7
the weavers

Mary Jane
    $500 30
(Mary Jane: What is "my-ANN-uh-mar"?)
[Accepted without remark]

Myanmar

Mary Jane
    $500 21
Nicholas II

Dan
    $500 29
Laura Ingalls Wilder

Roger
    $500 16
(Alex: Everyone is running it through. Mary Jane?)

Moon

Mary Jane

Scores at the first commercial break (after clue 15):

Dan Roger Mary Jane
$900 $1,000 $2,100

Scores at the end of the Jeopardy! Round:

Dan Roger Mary Jane
$2,100 $2,600 $4,200

Double Jeopardy! Round responses

STATE PARKS
MATHEMATICS
PROVERBS
POLITICS
GLASS
EUROPEAN HISTORY
    $200 20
Lewis & Clark

Mary Jane
    $200 21
X

Dan
    $200 1
spite your face

Mary Jane
    $200 10
Social Security

Dan
    $200 6
fiberglass

Dan
    $200 15
Napoleon

Roger
    $400 23
New York

Roger
    $400 22
cotangent

Roger
    $400 2
cards

Dan
    $400 11
incumbent

Dan
    $400 7
blue

Mary Jane
    $400 16
(Mary Jane: What is Spain?)

Hungary

RogerMary Jane
    $600 24
New Mexico

Roger
    $600 28
prime numbers

Dan
    $600 3
a straw

Roger
    $600 12
(Mary Jane: What are pages?)

whips

DanMary Jane
    $600 8
Pyrex

Dan
    $600 17
(Mary Jane: What is... uh! Greenland. No.)

Iceland

DanMary Jane
    $800 25
Lindbergh

Roger
    $2,000 29
(Alex: You are right. 24 is 16, and the square root of 16 is [*].)

4

Dan
    $800 4
(Roger: What are crimes?)

laws

DanRoger
    $800 13
(Roger: What is three-fifths?)

two-thirds

DanRoger
    $1,000 9
(Alex: Makes it crystal--beautiful crystal.)

lead

Dan
    $800 18
Prussia

Roger
    $1000 26
[Roger smiles, laughs at Dan's correct response.]

Pennsylvania & New Jersey

Dan
    $1000 30
(Mary Jane: Oh... What is an arc?)
...
(Alex: Is Roger going to ring in and try it? No?)

a sector

Mary Jane
Triple Stumper
    $1000 5
In vino veritas

Dan
    $1000 14
(Douglas) Ginsburg (or Robert Bork)

Dan
    $1000 27
Venice

Mary Jane
    $1000 19
the Peloponnesian War

Roger

Scores at the end of the Double Jeopardy! Round:

Dan Roger Mary Jane
$13,500 $6,200 $3,400
(lock game)

[wagering suggestions for these scores]

Final Jeopardy! Round responses

U.S. MONUMENTS
(Alex: [To Roger] Have you visited it?)
(Roger: No, not yet. I've come close to it, but I haven't gone over there.)
(Alex: All right, well, it's worth going to visit.)
...
(Alex: You can smile, now, Dan. That's it.)
Mary JaneWhat is ?
$1,001
RogerWhat is Stone Mountain (Georgia)
$6,200
DanWhat is the Civil War memorial?
$1,000
Stone Mountain

Final scores:

Dan Roger Mary Jane
$12,500 $12,400 $2,399
2-day champion: $20,501 2nd place: Broyhill washed finish entertainment center with pull-out TV shelf, 2 VCR boxes & 4 storage drawers + Panasonic HP600 personal cellular phone with 90 minutes of continuous talk time + the Jeopardy! home game or computerized version 3rd place: Whirlpool CleanTop oven/range with sealed-in Ceran black glass-ceramic surface + the Jeopardy! home game or computerized version

Game dynamics:

Coryat scores:

Dan Roger Mary Jane
$12,100 $6,200 $3,400
24 R
(including 2 DDs),
0 W
18 R,
2 W
17 R
(including 1 DD),
5 W

Combined Coryat: $21,700

[game clues] [game scores] [suggest correction]

Game tape date: 1991-09-23
The J! Archive is created by fans, for fans. Scraping, republication, monetization, and malicious use prohibited; this site may use cookies and collect identifying information. See terms. The Jeopardy! game show and all elements thereof, including but not limited to copyright and trademark thereto, are the property of Jeopardy Productions, Inc. and are protected under law. This website is not affiliated with, sponsored by, or operated by Jeopardy Productions, Inc. Join the discussion at JBoard.tv.